[Event "Oceania zt 3.6 (Women)"]
[Site "Melbourne"]
[Date "2023.01.26"]
[Round "4"]
[White "Quek, Shi Ning Kristine"]
[Black "Zeng, Vera"]
[Result "0-1"]
[WhiteElo "1807"]
[BlackElo "1527"]
[PlyCount "94"]
[EventDate "2023.01.09"]
[EventType "swiss"]
[EventRounds "9"]
[EventCountry "AUS"]
[SourceTitle "CBM 212 Extra"]
[Source "ChessBase"]
[SourceDate "2023.03.31"]
[SourceVersion "1"]
[SourceVersionDate "2023.03.31"]
[SourceQuality "1"]

1. e4 e5 2. Nf3 Nc6 3. Bc4 Bc5 4. c3 Nf6 5. d4 exd4 6. e5 d5 7. Bb5 Ne4 8. cxd4 Bb4+ 9. Nbd2 Nxd2 10. Bxd2 Bxd2+ 11. Qxd2 Bd7 12. Bd3 Qe7 13. 0-0 Bg4 14. Be2 0-0 15. Qf4 Bxf3 16. Bxf3 Rad8 17. Rad1 Rfe8 18. Qg3 Qb4 19. e6 Rxe6 20. Qxc7 Re7 21. Qf4 Qxb2 22. Rd2 Qb4 23. h4 Ne5 24. Rdd1 Nxf3+ 25. Qxf3 Re4 26. Rb1 Qe7 27. g3 Rxd4 28. Rfe1 Re4 29. Red1 b6 30. Rbc1 g6 31. h5 Re5 32. hxg6 hxg6 33. Qf4 Re4 34. Qf3 Kg7 35. Qb3 d4 36. Qd3 Re8 37. Qc4 Qf6 38. Rd2 Qf3 39. Qf1 R8e5 40. Rd3 Qe2 41. Qxe2 Rxe2 42. Rxd4 Rxa2 43. Rc7 Rf5 44. Rdd7 Rfxf2 45. Rxa7 Rg2+ 46. Kf1 Rxa7 47. Rxa7 Rxg3 0-1